000 00686nam a2200217Ii 4500
001 4536
003 CO-ViMGA
008 241108s9999||||xx |||||||||||||| ||und||
020 _a9583377619
040 _aCO-ViMGA
_bspa
_erda
_cCO-ViMGA
041 0 _aspa
082 0 4 _a303.6 H37c
100 1 _aMaría Teresa Herrán
_950220
245 1 0 _aCubrimiento periodístico responsable del desplazamiento forzado interno :
_bmanual
264 1 _aBogotá, Colombia : Corporación Medios para la Paz, 2005
300 _avolumen
336 _atext
_btxt
_2rdacontent
337 _aunmediated
_bn
_2rdamedia
338 _avolume
_bnc
_2rdacarrier
940 _aidficha_siabuc: 4424. -- ficha_no_siabuc:4536
999 _c44903
_d44903